Catálogo Biblioteca Central

After Xi : (Registro nro. 232509)

Detalles MARC
000 -CABECERA
campo de control de longitud fija 00737naa a22002057a 4500
001 - NÚMERO DE CONTROL
campo de control 232509
003 - IDENTIFICADOR DEL NÚMERO DE CONTROL
campo de control ES-MaBCM
005 - FECHA Y HORA DE LA ÚLTIMA TRANSACCIÓN
campo de control 20260323083824.0
008 - CÓDIGOS DE INFORMACIÓN DE LONGITUD FIJA
campo de control de longitud fija 260226s2025 us ||||| |||| 00| 0 eng d
040 ## - FUENTE DE LA CATALOGACIÓN
Centro transcriptor ES-MaBCM
100 1# - PUNTO DE ACCESO PRINCIPAL - NOMBRE DE PERSONA
Nombre de persona Jost, Tyler
Fechas asociadas al nombre 1986-
9 (RLIN) 131207
245 10 - MENCIÓN DE TÍTULO
Título After Xi :
Resto del título the succession question obscuring China's future- and unsettling its present
Mención de responsabilidad etc. Tyler Jost, Daniel C. Mattingly
600 10 - PUNTO DE ACCESO ADICIONAL DE MATERIA--NOMBRE DE PERSONA
Nombre de persona Xi, Jinping‏
Fechas asociadas al nombre 1953-‏
9 (RLIN) 124737
650 #7 - PUNTO DE ACCESO ADICIONAL DE MATERIA--TÉRMINO DE MATERIA
Término de materia o nombre geográfico como elemento inicial Cambio de régimen político
9 (RLIN) 57801
650 #7 - PUNTO DE ACCESO ADICIONAL DE MATERIA--TÉRMINO DE MATERIA
Término de materia o nombre geográfico como elemento inicial Política interior
9 (RLIN) 59836
651 #4 - PUNTO DE ACCESO ADICIONAL DE MATERIA--NOMBRE GEOGRÁFICO
Nombre geográfico China
9 (RLIN) 115350
700 1# - PUNTO DE ACCESO ADICIONAL--NOMBRE DE PERSONA
Nombre de persona Mattingly, Daniel C.
9 (RLIN) 131208
773 0# - ENLACE AL DOCUMENTO FUENTE
Lugar editor y fecha de publicación New York
Parte(s) relacionada(s) Vol. 104, n. 5 (Sept-Oct. 2025), p. 148-159- Loc. S.552
Título Foreign Affairs
Número de control del registro relacionado 200233
942 ## - ELEMENTOS DE PUNTO DE ACCESO ADICIONAL (KOHA)
Fuente del sistema de clasificación o colocación Universal Decimal Classification
Tipo de ítem Koha Artículos de revistas
Existencias
Estado de retiro Estado de pérdida Fuente del sistema de clasificación o colocación Estado dañado No para préstamo Localización permanente Ubicación/localización actual Ubicación en estantería Fecha de adquisición Total de préstamos Fecha visto por última vez Precio válido a partir de Tipo de ítem Koha
    Universal Decimal Classification     Biblioteca Central del Ministerio de la Presidencia Biblioteca Central del Ministerio de la Presidencia Sala 26/02/2026   26/02/2026 26/02/2026 Artículos de revistas